Daňová politika Spolkovej republiky Nemecko.

Zásady tvorby daňovej politiky vo vyspelých štátoch. Hlavné črty daňovej reformy v SRN v rokoch 1986-1990 a jej význam. Medzinárodné porovnanie výsledkov daňových reforiem viacerých štátov. Opis plánovaného nového daňového systému v SRN, plány a doterajšie výsledky.

Guardado en:
Detalles Bibliográficos
Autor principal: Ižová, Eulália
Formato: Capítulo de libro
Lenguaje:eslovaco
Materias:
Etiquetas: Agregar Etiqueta
Sin Etiquetas, Sea el primero en etiquetar este registro!

MARC

LEADER 00000naa a2200000 4500
001 r006464
005 20221125081430.3
041 0 |a slo 
044 |a [CS] 
245 1 0 |a Daňová politika Spolkovej republiky Nemecko.  |c Eulália Ižová 
520 |a Zásady tvorby daňovej politiky vo vyspelých štátoch. Hlavné črty daňovej reformy v SRN v rokoch 1986-1990 a jej význam. Medzinárodné porovnanie výsledkov daňových reforiem viacerých štátov. Opis plánovaného nového daňového systému v SRN, plány a doterajšie výsledky. 
610 2 0 |a politika daňová 
610 2 0 |a Nemecko 
610 2 0 |a 1986-1990 
610 2 0 |a sústava daňová 
610 2 0 |a dane 
100 1 |a Ižová, Eulália